Cori da la rocca (Record no. 476)

MARC details
000 -LEADER
campo de control de longitud fija 00287ngm a2200121Ia 4500
005 - FECHA Y HORA DE LA ÚLTIMA TRANSACCIÓN
campo de control 20251221004151.0
008 - DATOS DE LONGITUD FIJA--INFORMACIÓN GENERAL
campo de control de longitud fija 251220s1900||||xx ||| | || ||spa||
020 ## - NÚMERO INTERNACIONAL ESTÁNDAR DEL LIBRO
Número Internacional Estándar del Libro 88-17-11118-X
082 ## - NÚMERO DE LA CLASIFICACIÓN DECIMAL DEWEY
Número de clasificación 828.9/E41C/1994
100 ## - ENTRADA PRINCIPAL--NOMBRE DE PERSONA
Nombre de persona "Eliot, Thomas Stearns"
245 #0 - MENCIÓN DEL TÍTULO
Título Cori da la rocca
942 ## - ELEMENTOS DE ENTRADA SECUNDARIOS (KOHA)
Tipo de ítem Koha CD

No items available.